000 00600nam a2200205 4500
005 20250320153647.0
010 _aENG-144119
020 _a9788193136218
_c990.00
035 _aEN-127651
037 _bDBAD
082 _a615
100 _aHaval, Smruti
_979791
245 _aIntegrated Handbook of Family Medicine/
_cby Smruti Haval
250 _a1
260 _aKarnataka
_bSukarmayogi Publishers
_c2016
270 _aRukmini Hospital, Maddi Galli, Sankeshwar, Belgaum
_bKarnataka
_e591313
300 _a384,8p.
_c27cm(Pb)
490 _vVol 2
942 _2ddc
_cEN
_h615
_mHAV
999 _c210402
_d210402